Rappeurs Français - Statistiques

Statistiques générales
  • Ce quiz a été pris 1 014 fois
  • Le résultat moyen est 13 sur 20
Statistiques - réponses
Indices Rappeurs % Correct
Marseille, ovni Jul
100%
lunettes célèbres Gims
93%
91, “Destin” album célèbre Ninho
93%
75, “Polak” surnom PLK
92%
92i, légende du rap français Booba
91%
Duo, 91, albums “Dans la légende” PNL
90%
Marseille, flow unique, kimono SCH
88%
91, pop-rap, frère de Gims Dadju
82%
Belgique, ancien 92i, style sombre Damso
80%
Sevran, rap hardcore Kaaris
79%
93, drill français Gazo
66%
Marseille, chansons festives Naps
64%
Caen, clips cinématographiques Orelsan
60%
91, Artiste d Évry Niska
55%
91, Album “Pure”, Sevran Maes
46%
91, jeunes générations Koba LaD
44%
Algérie / France, hit “Liberté” Soolking
42%
93, humour et provoc Vald
28%
94, storytelling sombre, voix reconnaissable Lacrim
17%
75, rap alternatif Lomepal
4%
Aucun quiz correspondant
Distribution des résultats
% des personnes avec chaque résultat
Percentile par nombre de réponses
Votre historique - résultats
Vous n’avez pas pris ce quiz